Mama zooms / (Record no. 423)

MARC details
000 -LEADER
fixed length control field 01078nam a22003017a 4500
001 - CONTROL NUMBER
control field 423
003 - CONTROL NUMBER IDENTIFIER
control field FISKH
005 - DATE AND TIME OF LATEST TRANSACTION
control field 20250827090131.0
008 - FIXED-LENGTH DATA ELEMENTS--GENERAL INFORMATION
fixed length control field 230412b cb ||||| |||| 00| 0 eng d
040 ## - CATALOGING SOURCE
Original cataloging agency DLC
Transcribing agency DLC
Modifying agency DLC
-- FISKH
Language of cataloging eng
042 ## - AUTHENTICATION CODE
Authentication code lcac
050 00 - LIBRARY OF CONGRESS CALL NUMBER
Classification number PZ7.C8358
Item number Mam 1993
082 00 - DEWEY DECIMAL CLASSIFICATION NUMBER
Classification number 362.4
Edition number 20
100 2# - MAIN ENTRY--PERSONAL NAME
Personal name Cowen-Fletcher, Jane.
245 10 - TITLE STATEMENT
Title Mama zooms /
Statement of responsibility, etc. written and illustrated by Jane Cowen-Fletcher.
260 ## - PUBLICATION, DISTRIBUTION, ETC.
Place of publication, distribution, etc. New York :
Name of publisher, distributor, etc. Scholastic.
Date of publication, distribution, etc. 1993.
300 ## - PHYSICAL DESCRIPTION
Extent 16 leaves of plates :
Other physical details col. ill. ;
Dimensions 27 cm.
505 ## - FORMATTED CONTENTS NOTE
Formatted contents note F
520 ## - SUMMARY, ETC.
Summary, etc. A boy's wonderful mama takes him zooming everywhere with her, because her wheelchair is a zooming machine.
521 8# - TARGET AUDIENCE NOTE
Target audience note 440 <br/>
Source Lexile AD
521 8# - TARGET AUDIENCE NOTE
Target audience note F <br/>
Source Raz-Plus
650 #1 - SUBJECT ADDED ENTRY--TOPICAL TERM
Topical term or geographic name entry element Wheelchairs
General subdivision Fiction.
650 #1 - SUBJECT ADDED ENTRY--TOPICAL TERM
Topical term or geographic name entry element People with disabilities
Form subdivision Fiction.
650 #1 - SUBJECT ADDED ENTRY--TOPICAL TERM
Topical term or geographic name entry element Mothers and sons
General subdivision Fiction.
906 ## - LOCAL DATA ELEMENT F, LDF (RLIN)
a 7
b cbc
c orignew
d 1
e ocip
f 19
g y-gencatlg
942 ## - ADDED ENTRY ELEMENTS (KOHA)
Source of classification or shelving scheme Dewey Decimal Classification
Koha item type Books
Suppress in OPAC No
Holdings
Withdrawn status Lost status Source of classification or shelving scheme Damaged status Not for loan Collection Home library Current library Shelving location Date acquired Total Checkouts Full call number Barcode Date last seen Date last checked out Price effective from Koha item type Copy number
    Dewey Decimal Classification     Juvenile Fiction Footprints International School Library Network Toul Kork Campus Footprints International School Library Network Toul Kork Campus TK Primary Library Room(4th Floor), Bookcase 1&2, Shelves 1-16, Dark Blue Books 04/12/2023 1 COW 362.4 PZ7.C8358 FISBK05841 02/26/2025 02/19/2025 04/12/2023 Books  
    Dewey Decimal Classification     Juvenile Fiction Footprints International School Library Network Toul Tom Poung Campus Footprints International School Library Network Toul Tom Poung Campus TTP Primary Dark Blue Bookshelves 08/27/2025   COW 362.4 PZ7.C8358 FIS04782 08/27/2025   08/27/2025 Books 2